| 000 | 00822nam a22003137a 4500 | ||
|---|---|---|---|
| 005 | 20250403152110.0 | ||
| 008 | 250403b2022 |||||||| |||| 00| 0 spa d | ||
| 020 | _a9788413822235 | ||
| 041 | _aESP | ||
| 082 | _a617.695 Sh543p13 | ||
| 100 | _aShen, Chiayi | ||
| 245 | _aPhillips. Ciencia de los materiales dentales | ||
| 250 | _a13 edición | ||
| 260 | _aEspaña | ||
| 260 | _bElsevier | ||
| 260 | _c2022 | ||
| 300 | _a430 páginas | ||
| 650 | _aMATERIALES DENTALES | ||
| 650 | _aMATERIALES DE RESTAURACIÓN DIRECTA | ||
| 650 | _aMATERIALES DE RESTAURACIÓN INDIRECTA | ||
| 650 | _aCEMENTOS DENTALES | ||
| 650 | _aAMALGAMAS DENTALES | ||
| 650 | _aMETALES | ||
| 650 | _aPOLÍMEROS | ||
| 650 | _aRESINAS | ||
| 650 | _aIMPLANTES DENTALES | ||
| 650 | _aRESTAURACIONES DENTALES | ||
| 942 |
_2ddc _cBK |
||
| 999 |
_c13719 _d13719 |
||